| 000 | 00397nam a22001697a 4500 | ||
|---|---|---|---|
| 003 | SGT | ||
| 020 | _a9780880116756 | ||
| 082 |
_a612.8252 _bM98P |
||
| 100 | _aPIEK, JAN P. | ||
| 245 | _aMOTOR BEHAVIOR AND HUMAN SKILL | ||
| 250 | _a1ST | ||
| 260 |
_aUSA _bHUMAN KINETICS PUB _c1998 |
||
| 300 | _a434 | ||
| 650 | _aPHYSIOTHEERAPY | ||
| 653 | _aMOTOR BEHAVIOR AND HUMAN SKILL | ||
| 942 |
_2ddc _cBK |
||
| 999 |
_c23308 _d23308 |
||